Welcome to CU Library Online Public Access Catalogue (OPAC)

FOUNDATIONS OF ECONOMICS (Record no. 5052)

MARC details
000 -LEADER
fixed length control field 00418nam a22001697a 4500
005 - DATE AND TIME OF LATEST TRANSACTION
control field 20250321151847.0
008 - FIXED-LENGTH DATA ELEMENTS--GENERAL INFORMATION
fixed length control field 250321b |||||||| |||| 00| 0 eng d
020 ## - INTERNATIONAL STANDARD BOOK NUMBER
International Standard Book Number 9780077114237
050 ## - LIBRARY OF CONGRESS CALL NUMBER
Classification number HB 171.5 BEG
100 ## - MAIN ENTRY--PERSONAL NAME
Personal name BEGG DAVID
245 ## - TITLE STATEMENT
Title FOUNDATIONS OF ECONOMICS
250 ## - EDITION STATEMENT
Edition statement 3RD ED.
260 ## - PUBLICATION, DISTRIBUTION, ETC.
Place of publication, distribution, etc. LONDON
Name of publisher, distributor, etc. McGRAW HILL
Date of publication, distribution, etc. 2006
300 ## - PHYSICAL DESCRIPTION
Extent XVI,379p.
500 ## - GENERAL NOTE
General note ILLUS.,GRAPHS,TABLES
942 ## - ADDED ENTRY ELEMENTS (KOHA)
Source of classification or shelving scheme Library of Congress Classification
Koha item type Books
Suppress in OPAC No
999 ## -
-- 5052
-- 5052
Holdings
Withdrawn status Lost status Source of classification or shelving scheme Damaged status Not for loan Collection Home library Current library Shelving location Date acquired Total checkouts Full call number Barcode Date last seen Copy number Price effective from Koha item type
    Library of Congress Classification     Non-fiction Graduate Library (Christ Temple) Graduate Library (Christ Temple) General stacks 03/21/2025   HB 175.5 BEG gsct00000745 03/21/2025 1 03/21/2025 Books
    Library of Congress Classification     Non-fiction Graduate Library (Christ Temple) Graduate Library (Christ Temple) General stacks 03/21/2025   HB 175.5 BEG gsct00000746 03/21/2025 2 03/21/2025 Books
    Library of Congress Classification     Non-fiction Graduate Library (Christ Temple) Graduate Library (Christ Temple) General stacks 03/21/2025   HB 175.5 BEG gsct00000747 03/21/2025 3 03/21/2025 Books
    Library of Congress Classification     Non-fiction Graduate Library (Christ Temple) Graduate Library (Christ Temple) General stacks 03/21/2025   HB 175.5 BEG gsct00000748 03/21/2025 4 03/21/2025 Books
© 2023-2024 Copyright: Central University Libraries. All Rights Reserved | Created by: Mahone Tech Office